4笔画常见中文汉字 Common Chinese characters with 4 strokes - Statistics

General Stats
  • This quiz has been taken 37 times
    36 since last reset
  • The average score is 69 of 136
Answer Stats
拼音首字母 汉字 % Correct
z
100%
m
97%
w
97%
r
94%
t
94%
w
94%
b
87%
w
87%
f
84%
h
84%
l
84%
b
81%
f
81%
f
81%
n
81%
y
81%
b
77%
c
77%
f
77%
h
77%
j
77%
k
77%
s
77%
w
77%
x
77%
t
74%
y
74%
f
71%
j
71%
j
71%
w
71%
r
68%
y
68%
b
65%
f
65%
f
65%
ɡ
65%
r
65%
s
65%
w
65%
w
65%
y
65%
c
61%
c
61%
q
61%
b
58%
f
58%
ɡ
58%
n
58%
q
58%
s
58%
y
58%
h
55%
j
55%
q
55%
s
55%
s
55%
y
55%
z
55%
d
52%
m
52%
q
52%
s
52%
y
52%
z
52%
b
48%
c
48%
c
48%
c
48%
j
48%
y
48%
d
45%
e
45%
ɡ
45%
ɡ
45%
h
45%
j
45%
j
45%
k
45%
p
45%
r
45%
y
45%
y
45%
b
42%
d
42%
f
42%
l
42%
r
42%
s
42%
w
42%
z
42%
d
39%
d
39%
j
39%
k
39%
y
39%
y
39%
y
39%
z
39%
l
35%
p
35%
z
35%
d
32%
n 廿
32%
x
32%
y
32%
c
29%
f
29%
q
29%
s
29%
w
29%
s
26%
t
26%
t
26%
y
26%
l
23%
p
23%
s
23%
w
23%
w
23%
y
23%
d
19%
ɡ
19%
h
19%
j
19%
p
19%
q
19%
q
19%
s
19%
x
19%
y
19%
y
19%
r
16%
z
16%
y
6%
z
6%
No matching quizzes found
Score Distribution
Percent of People with Each Score
Percentile by Number Answered
Your Score History
You have not taken this quiz since the last reset